| 000 | 01314nam0a22003011 4500 | ||
|---|---|---|---|
| 001 | rc\2961352 | ||
| 005 | 20250529235551.0 | ||
| 035 | _a(NLR Aleph) 007108020 | ||
| 090 |
_a6738769 _c6738769 |
||
| 100 | _a20110902d1937 |||y0rusy50 ca | ||
| 101 | 0 | _arus | |
| 102 | _aRU | ||
| 105 | _ay z ||||| | ||
| 200 | 1 |
_aИсследование эфирного масла Juniperus sibirica (J. nana) _fИ. Цукерваник и Л. Грач |
|
| 210 |
_aТашкент _cБ. и. _d1937 |
||
| 215 |
_a5 с. _d24 см |
||
| 225 | 1 |
_aТруды Среднеазиатского государственного университета _vВып. 37 _aСерия 6. Химия |
|
| 300 | _aОтт. из кн.: "Сборник работ по исследованию эфирных масел Средней Азии". Ташкент, 1937 | ||
| 300 | _aБез тит. л. Описано по 1-й с. текста, на обл. только указание отт. | ||
| 300 | _aРезюме на нем. яз. | ||
| 320 | _aБиблиогр.: "Литература" (с. 4) | ||
| 700 | 1 |
_aЦукерваник _bИ.П. _f1901-1968 _gИсаак Платонович |
|
| 701 | 1 |
_aГрач _bЛ. |
|
| 801 | 0 |
_aRU _bNLR _gpsbo |
|
| 801 | 1 |
_aRU _bELAR _2rusmarc |
|
| 852 |
_aNLR _jХ02 В-8/227 |
||
| 942 | _cBOOK | ||
| 980 | _aNB | ||